| 000 | 00670nam a2200181 4500 | ||
|---|---|---|---|
| 001 | 136797 | ||
| 003 | ES-MaACL | ||
| 005 | 20230906195229.0 | ||
| 007 | t| | ||
| 008 | 070214s1957 sp r ||||1| spa d | ||
| 100 | 1 |
_aSaiz Moreno, Laureano. _9101626 |
|
| 245 | 1 | 0 |
_aProblemas actuales en la lucha contra la hidatidosis / _cLaureano Saiz Moreno ; prólogo del Dr. prof. Velarde Pérez Fontana. |
| 260 |
_aCiudad Real : _bInstituto de Estudios Manchegos, _c1957 ( _fTip. Alpha) |
||
| 300 |
_a86 p., 4 lám. : _bil. ; _c24 cm. |
||
| 700 | 1 |
_aPérez Fontana, Velarde. _990865 |
|
| 710 | 2 |
_aInstituto de Estudios Manchegos. _94919 |
|
| 852 |
_aES-MaACL _j1980-F-20 _bR.41166 |
||
| 999 |
_c136797 _d136797 |
||